[Event "Bogota IRT Categoria A U14 Girls"]
[Site "Bogota"]
[Date "2013.10.27"]
[Round "1.7"]
[White "Vargas Siempira, Diana Alejandra"]
[Black "Arango, Maria Jose"]
[Result "1-0"]
[WhiteElo "1721"]
[BlackElo "1472"]
[PlyCount "32"]
[EventDate "2013.10.27"]
[EventType "swiss"]
[EventRounds "5"]
[EventCountry "COL"]
[SourceTitle "EXT 2024"]
[Source "ChessBase"]
[SourceDate "2023.10.10"]
[SourceVersion "1"]
[SourceVersionDate "2023.10.10"]
[SourceQuality "1"]

1. e4 e5 2. Nf3 Nf6 3. Nxe5 Qe7 4. Nf3 Qxe4+ 5. Qe2 g6 6. Nc3 Qe7 7. Qxe7+ Bxe7 8. Bc4 0-0 9. d3 c6 10. 0-0 d5 11. Bb3 Nbd7 12. a3 Re8 13. h3 Bd6 14. Be3 Ne5 15. Nxe5 Bxe5 16. Bd2 Bd4 1-0

[Event "Central Region-ch U14 Girls"]
[Site "Dosquebradas"]
[Date "2013.03.23"]
[Round "4.5"]
[White "Arango, Maria Jose"]
[Black "Arcila, Sofia"]
[Result "0-1"]
[WhiteElo "1500"]
[BlackElo "1374"]
[PlyCount "28"]
[EventDate "2013.03.22"]
[EventType "swiss"]
[EventRounds "5"]
[EventCountry "COL"]
[SourceTitle "EXT 2024"]
[Source "ChessBase"]
[SourceDate "2023.10.10"]
[SourceVersion "1"]
[SourceVersionDate "2023.10.10"]
[SourceQuality "1"]

1. Nf3 c5 2. e3 d6 3. d4 cxd4 4. exd4 e5 5. Bb5+ Nd7 6. Ng5 Qc7 7. Qh5 g6 8. Qg4 Be7 9. d5 Bxg5 10. Bxg5 Qxc2 11. a3 Qxb2 12. Bxd7+ Bxd7 13. Qb4 Qc1+ 14. Ke2 Qxh1 0-1